| 000 | 00705nam a22001577a 4500 | ||
|---|---|---|---|
| 003 | OSt | ||
| 005 | 20150914091007.0 | ||
| 008 | 150914b xxu||||| |||| 00| 0 eng d | ||
| 040 | _cRUA | ||
| 082 | _aAGR TEP 2000 B022 Or.1 | ||
| 100 |
_9427 _aTEP, BONANY. |
||
| 245 | _aការប្រៀបធៀបប្រាក់ចំណេញជុលលើគំរូដំាដុះដំណាំនៅតំបន់ទំនាបរំពឹងទឹកភ្លៀង និង តំបន់ស្រោចស្រព (comparison of gross margins of cropping pattern under rainfed lowland and irrigated areas) | ||
| 260 |
_aPhnom Penh _bRUA _c2000 |
||
| 300 |
_a67p. _bill. _c29cm. |
||
| 942 |
_2ddc _cAGR |
||
| 999 |
_c406 _d406 |
||